[Event "AUT Bundesliga 2021-22"]
[Site "Graz"]
[Date "2022.04.23"]
[Round "11.29"]
[White "Saric, Ante"]
[Black "Sebenik, Matej"]
[Result "1/2-1/2"]
[WhiteElo "2514"]
[BlackElo "2510"]
[Annotator "TA"]
[PlyCount "72"]
[EventDate "2021.01.17"]
[EventType "team-tourn"]
[EventCountry "AUT"]
[SourceTitle "playchess.com"]
[Source "ChessBase"]
[SourceQuality "1"]
[TimeControl "40/5400+30:1800+30"]

{[%evp 22,72,12,9,20,18,17,8,10,10,18,21,20,0,0,0,0,0,0,0,0,0,0,0,0,-7,0,0,0,0,0,-27,-28,-21,-15,-181,-25,-63,0,0,0,0,0,0,0,0,0,0,0,0,0,0,0]} 1. d4 {[%emt 0:00:04]} d5 {[%emt 0:00:16]} 2. c4 {[%emt 0:00:15]} c6 {[%emt 0:00:28]} 3. cxd5 {[%emt 0:01:10]} cxd5 {[%emt 0:00:05]} 4. Nf3 {[%emt 0:00:04]} Nf6 {[%emt 0:00:21]} 5. Nc3 {[%emt 0:00:06]} Nc6 {[%emt 0:00:05]} 6. Bf4 {[%emt 0:00:04]} a6 {[%emt 0:00:48]} 7. e3 {[%emt 0:00:45]} Bg4 {[%emt 0:03:08]} 8. Be2 {[%emt 0:01:25]} Bxf3 {[%emt 0:00:09]} 9. Bxf3 {[%emt 0:00:06]} e6 {[%emt 0:00:03]} 10. O-O {[%emt 0:04:00]} Bd6 {[%emt 0:00:23]} 11. Bxd6 {[%emt 0:02:00]} Qxd6 {[%emt 0:00:05]} 12. Rc1 {[%emt 0:00:05]} O-O {[%emt 0:00:31] D13: Slav Defence: Exchange variation without ...Bf5.} 13. Na4 {[%emt 0:01:19] [#]} Rab8 $146 {[%emt 0:06:35]} ({Predecessor:} 13... b5 14. Nc5 Rfc8 15. Be2 e5 16. dxe5 Qxe5 17. a4 Qxb2 18. axb5 axb5 19. Rb1 Qa3 {0-1 (45) Hess,R (2591)-Abdusattorov,N (2627) Chess.com INT 2020}) 14. Nc5 {[%emt 0:16:01]} Rfc8 {[%emt 0:05:26]} 15. Be2 {[%emt 0:06:20]} Qe7 {[%emt 0:28:22]} 16. Qb3 {[%emt 0:06:06][%cal Oc5a6]} g6 {[%emt 0:02:25]} 17. Nxa6 {[%emt 0:11:38]} Nxd4 {[%emt 0:09:51]} 18. Rxc8+ {[%emt 0:06:55]} Rxc8 {[%emt 0:00:05]} 19. exd4 {[%emt 0:00:03] [#] Threatens to win with Nc5.} bxa6 {[%emt 0:00:05]} 20. Bxa6 {[%emt 0:00:12]} Ra8 {[%emt 0:00:06]} 21. Bb5 {[%emt 0:10:53]} Qa7 {[%emt 0:01:17][%csl LRa2,LRd4]} 22. a4 {[%emt 0:00:33]} Qxd4 {[%emt 0:00:54]} 23. Rd1 {[%emt 0:06:05]} Qe5 {[%emt 0:04:36]} 24. Qc2 {[%emt 0:03:08]} Ne4 {[%emt 0:07:44]} 25. Bd3 {[%emt 0:07:51]} Rb8 {[%emt 0:09:51]} 26. b3 {[%emt 0:11:32]} Nc3 {[%emt 0:03:09]} 27. Rc1 {[%emt 0:01:59]} Rc8 {[%emt 0:07:38][%cal Oc3e2] White must now prevent ...Ne2+!} 28. Kh1 $2 {[%emt 0:00:30] [#]} (28. Qd2 $11 {and White stays safe.}) 28... Kg7 $2 {[%emt 0:01:06]} (28... Qd4 $1 $19 {And now ...Rc5 would win.} 29. Rf1 e5) 29. h3 {[%emt 0:01:27]} Qf4 {[%emt 0:03:49]} ({Black should play} 29... Qd4 $15 30. Bf1 Qb4) 30. a5 {[%emt 0:01:41] The position is equal.} Nd1 {[%emt 0:02:19] Against Qb2+} 31. Qxc8 {[%emt 0:00:30]} Nxf2+ {[%emt 0:00:02]} 32. Kg1 {[%emt 0:00:06]} Nxh3+ {[%emt 0:03:25]} 33. gxh3 {[%emt 0:00:12]} Qg3+ {[%emt 0:00:04]} 34. Kh1 {[%emt 0:01:07] Bf1 is the strong threat.} Qf3+ {[%emt 0:00:21]} 35. Kh2 {[%emt 0:00:34]} Qf2+ {[%emt 0:00:03]} 36. Kh1 {[%emt 0:00:06] Hoping for Bf1.} Qf3+ {[%emt 0:00:02] Weighted Error Value: White=0.19 (very precise) /Black=0.12 (very precise)} 1/2-1/2

[Event "AUT Bundesliga 2021-22"]
[Site "Graz"]
[Date "2022.04.23"]
[Round "11.30"]
[White "Janzelj, Tim"]
[Black "Rogic, Davor"]
[Result "1-0"]
[WhiteElo "2463"]
[BlackElo "2446"]
[Annotator "TA"]
[PlyCount "83"]
[EventDate "2021.01.17"]
[EventType "team-tourn"]
[EventCountry "AUT"]
[SourceTitle "playchess.com"]
[Source "ChessBase"]
[SourceQuality "1"]
[TimeControl "40/5400+30:1800+30"]

{[%evp 16,83,52,45,56,45,97,91,84,95,117,108,138,133,134,109,132,132,139,143,144,109,103,75,76,29,26,35,47,-5,-20,-372,-364,-351,0,0,0,0,0,0,0,0,452,425,413,382,2118,2143,1860,1768,1506,1482,1327,1273,2583,1109,2083,1861,1217,1071,29974,29975,29970,29953,10718,0,29958,6187,1586,1586]} 1. d4 {[%emt 0:00:04]} d5 {[%emt 0:00:25]} 2. c4 {[%emt 0:00:07]} e6 {[%emt 0:00:17]} 3. Nc3 {[%emt 0:00:08]} Nf6 {[%emt 0:00:28]} 4. Nf3 {[%emt 0:00:13]} c6 {[%emt 0:00:54]} 5. cxd5 {[%emt 0:06:18]} cxd5 {[%emt 0:00:55]} 6. Bf4 {[%emt 0:00:58]} Nc6 {[%emt 0:00:48]} 7. e3 {[%emt 0:00:47]} Nh5 {[%emt 0:03:21]} 8. Bg5 {[%emt 0:05:24]} Qb6 {[%emt 0:01:35]} 9. Bb5 {[%emt 0:10:29]} h6 {[%emt 0:07:05] D13: Slav Defence: Exchange variation without ...Bf5.} 10. Bh4 {[%emt 0:00:11]} g5 {[%emt 0:01:58] [#]} (10... Nf6 $14) 11. Ne5 $1 $16 {[%emt 0:01:12]} Nf6 {[%emt 0:03:41] White is better.} 12. Bg3 {[%emt 0:01:05]} Bg7 {[%emt 0:01:24]} 13. O-O {[%emt 0:05:29] [#] 0x0.00299f40aea5dp-1022s more active pieces.} Bd7 $146 {[%emt 0:09:46]} ({Predecessor:} 13... O-O 14. Bd3 Nxe5 15. Bxe5 Bd7 16. f4 Nh7 17. Bxg7 Kxg7 18. Bxh7 Qxb2 19. Qc2 Qxc2 20. Bxc2 {1-0 (43) Schmidt,P (2390)-Riedel,W (2320) Bayern 2001}) 14. Nxd7 {[%emt 0:01:40]} Nxd7 {[%emt 0:04:24]} 15. f4 {[%emt 0:03:26]} a6 {[%emt 0:05:54]} 16. Bxc6 {[%emt 0:24:07]} bxc6 {[%emt 0:05:29]} 17. Na4 {[%emt 0:04:01]} Qb5 {[%emt 0:01:10]} 18. fxg5 {[%emt 0:01:49]} hxg5 {[%emt 0:01:18]} 19. Rc1 {[%emt 0:01:23]} Rc8 {[%emt 0:06:34]} 20. Nc5 {[%emt 0:11:09]} (20. a3 $16) 20... Nxc5 $11 {[%emt 0:02:12]} 21. Rxc5 {[%emt 0:00:03]} Qxb2 {[%emt 0:02:20]} 22. Qg4 {[%emt 0:00:32]} (22. h3 $14) 22... Qd2 $1 {[%emt 0:08:15]} (22... Bf8 23. Qxg5 Be7 24. Qf4 $14) 23. Qxg5 {[%emt 0:04:30][%mdl 8192] [#]} (23. Qf3 $11 f5 24. Rcc1) 23... Bxd4 $1 $19 {[%emt 0:00:20][%mdl 512]} 24. Rc3 {[%emt 0:04:01]} Bxc3 $2 {[%emt 0:10:12]} (24... Qxc3 $19 25. exd4 Qxd4+ 26. Bf2 Qb4) 25. Bd6 $11 {[%emt 0:00:22][%csl Gd6][%cal Rg5e7]} f6 {[%emt 0:02:03]} 26. Qg7 $40 {[%emt 0:01:12][%csl Gd6][%cal Rg7e7][%mdl 128] White attacks.} Qxe3+ {[%emt 0:00:20]} 27. Kh1 {[%emt 0:00:01][%csl Gd6][%cal Rg7e7] Dancing on a razor blade.} Rxh2+ $1 {[%emt 0:02:09]} 28. Bxh2 {[%emt 0:00:02] White wants to mate with Bd6.} Bb4 {[%emt 0:07:58][%mdl 8192] Prevents Bd6.} (28... Qg5 29. Qh8+ Kd7 30. Qh7+ Kd8 31. Bf4 $18) (28... Qd3 $11 {and Black stays safe.} 29. Qg8+ Ke7 30. Qg7+ Ke8 31. Qg8+ Ke7 32. Qg7+ Ke8) 29. Qb7 $18 {[%emt 0:01:24]} Rd8 {[%emt 0:02:58]} 30. Qxb4 {[%emt 0:00:44]} d4 $2 {[%emt 0:00:55]} (30... Qe4 31. Qb7 d4) 31. Rxf6 {[%emt 0:02:01] Threatening mate with Rf8+.} c5 {[%emt 0:00:18]} 32. Qc4 {[%emt 0:01:44]} ({Wrong is} 32. Qxc5 $2 Qe1+ 33. Bg1 Qh4+ 34. Bh2 Qxf6 $19) 32... Ke7 {[%emt 0:02:04]} 33. Rf3 {[%emt 0:00:25]} Qg5 {[%emt 0:01:19]} 34. Qxa6 {[%emt 0:01:09] Hoping for Rf1.} Rd7 {[%emt 0:03:02]} 35. Qf1 {[%emt 0:00:48]} (35. Kg1 $142 Qc1+ 36. Rf1 Qe3+ 37. Kh1) 35... Qg6 {[%emt 0:00:47]} 36. Qc1 {[%emt 0:01:21]} Rd5 {[%emt 0:00:12]} 37. Qf4 {[%emt 0:00:17] White threatens Qf8+ and mate.} Rf5 {[%emt 0:03:21] Against Qf8+} 38. Qc7+ {[%emt 0:00:25]} Ke8 {[%emt 0:00:23]} 39. Qc6+ {[%emt 0:01:07]} Kf7 {[%emt 0:00:16]} 40. Qc7+ {[%emt 0:00:00]} (40. Qd7+ $18 Kg8 41. Qd8+ Kh7 42. Rh3+ Rh5 43. Qc7+ Kg8 44. Rg3 Qxg3 45. Qxg3+ Kh7 46. Qc7+ Kg6 47. Kg1) 40... Ke8 $1 {[%emt 0:00:00]} 41. Rb3 {[%emt 0:09:07][%cal Rb3b8]} Rf1+ {[%emt 0:03:38]} 42. Bg1 {[%emt 0:00:35] Weighted Error Value: White=0.39/Black=0.94} 1-0

[Event "AUT Bundesliga 2021-22"]
[Site "Graz"]
[Date "2022.04.23"]
[Round "11.31"]
[White "Horvath, Dominik"]
[Black "Ragger, Markus"]
[Result "1-0"]
[WhiteElo "2483"]
[BlackElo "2643"]
[Annotator "TA"]
[PlyCount "61"]
[EventDate "2021.01.17"]
[EventType "team-tourn"]
[EventCountry "AUT"]
[SourceTitle "playchess.com"]
[Source "ChessBase"]
[SourceQuality "1"]
[TimeControl "40/5400+30:1800+30"]

{[%evp 21,61,29,42,17,18,16,20,8,17,29,58,62,145,27,43,50,97,82,98,90,71,10,137,133,129,137,131,125,126,130,253,265,338,341,1030,998,29988,29989,29989,954,29990,12020]} 1. Nf3 {[%emt 0:00:01]} d5 {[%emt 0:00:13]} 2. d4 {[%emt 0:00:16]} Nf6 {[%emt 0:00:06]} 3. c4 {[%emt 0:00:09]} c6 {[%emt 0:00:03]} 4. Nc3 {[%emt 0:03:18]} e6 {[%emt 0:00:08]} 5. e3 {[%emt 0:06:49]} Nbd7 {[%emt 0:00:13]} 6. Qc2 {[%emt 0:00:10]} Bd6 {[%emt 0:00:07]} 7. Bd3 {[%emt 0:00:05]} O-O {[%emt 0:00:10]} 8. O-O {[%emt 0:00:04]} dxc4 {[%emt 0:00:09]} 9. Bxc4 {[%emt 0:00:04]} b5 {[%emt 0:00:04]} 10. Be2 {[%emt 0:00:04]} Bb7 {[%emt 0:00:08]} 11. e4 {[%emt 0:00:05]} e5 {[%emt 0:00:08]} 12. dxe5 {[%emt 0:00:10] D46: Semi-Slav: 5 e3 Nbd7 6 Bd3, Black avoids the Meran.} (12. Rd1 $5 {[%cal Rd4e5]} Qc7 13. g3 $11) 12... Nxe5 {[%emt 0:00:03]} 13. Nd4 {[%emt 0:00:21]} Neg4 {[%emt 0:00:43]} 14. g3 $1 {[%emt 0:00:06] The position is equal.} Bc5 {[%emt 0:04:38]} 15. Nf5 {[%emt 0:00:15][%cal Oe4e5]} Qb6 {[%emt 0:03:06][%cal Rg4f2]} 16. Kg2 {[%emt 0:09:49]} Nxf2 {[%emt 0:14:00]} (16... Bc8 $14) 17. e5 {[%emt 0:25:52]} ({White should try} 17. b4 $1 $16 {[%cal Rb4c5]} Bxb4 18. Be3) 17... Nd7 {[%emt 0:24:59]} 18. Bf4 $36 {[%emt 0:18:03][%cal Ob2b4][%mdl 2048] White is pushing.} Rfe8 {[%emt 0:05:11]} (18... Rae8 $14) 19. b4 $1 $16 {[%emt 0:04:49]} Bxb4 {[%emt 0:04:44]} 20. Rxf2 {[%emt 0:00:06] Hoping for Rd1.} Nxe5 {[%emt 0:00:33] [#] Strongly threatening ...c5+.} 21. Kf1 $146 {[%emt 0:09:08]} ({White should play} 21. Ne4 $1 $16 {[%cal Of5h6] Threatens to win with Nh6+!} c5 22. Kf1) ({Predecessor:} 21. Ne4 c5 22. Kf1 Bxe4 23. Qxe4 Ng6 24. Qd5 Nxf4 25. Ne7+ Kh8 26. Rxf4 c4 27. Nc6 {1-0 (75) Giri,A (2768)-Shirov,A (2691) Hoogeveen 2014}) 21... c5 {[%emt 0:12:14]} (21... Bc8 $11 {keeps the balance.} 22. Rc1 Ba3) 22. Rd1 $1 {[%emt 0:02:35][%cal Ba1d1,Bd1d5,Bd5d7][%mdl 32] aiming for Rd6.} c4 {[%emt 0:03:29] White must now prevent ...Bc5.} 23. Nd5 {[%emt 0:04:56] Active counter play!} Bxd5 {[%emt 0:00:48]} 24. Rxd5 {[%emt 0:00:03] Chess con chili.} Qc6 {[%emt 0:00:10]} 25. Qd1 {[%emt 0:01:23]} ({Of course not} 25. Ne3 $6 Bc5 $1 26. Bxe5 Bxe3 $11) 25... Ng6 {[%emt 0:13:04] [#]} (25... Rad8 $16 26. Bf3 Qf6) 26. Qd4 $1 $18 {[%emt 0:01:02][%csl Gf5][%cal Rd4g7]} f6 {[%emt 0:01:17]} 27. Bf3 {[%emt 0:00:54]} Bf8 $2 {[%emt 0:03:41]} (27... Qb6 28. Qxb6 axb6 29. Rxb5 Nxf4 30. gxf4 (30. Rxb4 Nd3 $18) 30... Ra5) 28. Rd7 {[%emt 0:00:57]} Qc8 {[%emt 0:00:39] [#]} 29. Nh6+ $1 {[%emt 0:01:02][%mdl 512]} Kh8 {[%emt 0:00:16]} 30. Nf7+ {[%emt 0:00:03]} Kg8 {[%emt 0:00:05]} 31. Qd5 {[%emt 0:00:24] Weighted Error Value: White=0.12 (very precise) /Black=0.64} 1-0

[Event "AUT Bundesliga 2021-22"]
[Site "Graz"]
[Date "2022.04.23"]
[Round "11.32"]
[White "Predojevic, Borki"]
[Black "Rubil, Marko"]
[Result "1-0"]
[WhiteElo "2585"]
[BlackElo "2293"]
[Annotator "TA"]
[PlyCount "133"]
[EventDate "2021.01.17"]
[EventType "team-tourn"]
[EventCountry "AUT"]
[SourceTitle "playchess.com"]
[Source "ChessBase"]
[SourceQuality "1"]
[TimeControl "40/5400+30:1800+30"]

{[%evp 20,133,28,26,43,45,38,35,34,34,62,54,63,25,46,7,16,-20,-15,-51,0,-154,0,0,156,146,141,132,140,-66,233,217,241,243,243,243,242,244,233,251,241,251,253,253,248,249,249,249,286,228,233,216,252,199,245,244,281,283,365,361,350,305,347,354,329,316,416,434,487,379,459,424,643,650,635,609,569,562,562,552,552,413,459,459,591,414,445,445,457,450,442,411,562,562,554,550,536,521,682,675,1060,636,12843,12837,12841,12837,12841,12842,12844,12843,29984,29985,29981,12844,12845,12844]} 1. e4 {[%emt 0:00:02]} e5 {[%emt 0:00:06]} 2. Nf3 {[%emt 0:00:05]} Nc6 {[%emt 0:00:06]} 3. Bc4 {[%emt 0:00:04]} Bc5 {[%emt 0:00:09]} 4. c3 {[%emt 0:00:07]} Nf6 {[%emt 0:03:46]} 5. d3 {[%emt 0:01:19]} a6 {[%emt 0:00:32]} 6. O-O {[%emt 0:01:18]} d6 {[%emt 0:05:36]} 7. Re1 {[%emt 0:03:31]} O-O {[%emt 0:05:19]} 8. h3 {[%emt 0:01:07]} Ba7 {[%emt 0:04:21]} 9. Bb3 {[%emt 0:03:05]} Ne7 {[%emt 0:04:38]} 10. Nbd2 {[%emt 0:07:30]} Ng6 {[%emt 0:00:42]} 11. Nf1 {[%emt 0:00:16]} c6 {[%emt 0:09:48] C54: Giuoco Piano: 4 c3 Nf6, main lines with 5 d4 and 5 d3.} 12. Ng3 {[%emt 0:04:00]} h6 {[%emt 0:04:08]} 13. d4 {[%emt 0:01:10]} Re8 {[%emt 0:03:18] White is slightly better.} 14. Bc2 {[%emt 0:05:22]} Nh7 {[%emt 0:09:15]} 15. Be3 {[%emt 0:20:58]} Qf6 {[%emt 0:10:11] [#]} 16. Nh2 $146 {[%emt 0:19:01]} ({Predecessor:} 16. Qd2 Nhf8 17. Nh5 Qe7 18. Bxh6 gxh6 19. Qxh6 f6 20. Bb3+ {1-0 (20) Schulze,L (2175)-Bargsten,J (2001) Verden 2019}) 16... Nf4 {[%emt 0:05:43]} 17. Ng4 {[%emt 0:08:08]} Qh4 {[%emt 0:07:57]} 18. dxe5 {[%emt 0:02:17]} dxe5 {[%emt 0:03:06]} 19. Bxa7 {[%emt 0:01:46] Threatens to win with Be3.} Ng5 {[%emt 0:09:05]} (19... Rd8 $1 $15 20. Bd4 (20. Nxh6+ $2 gxh6 21. Bd4 Ng5 $19) 20... exd4 21. cxd4 Ng5) 20. Nf5 $2 {[%emt 0:07:24] [#]} Ngxh3+ $1 {[%emt 0:07:33][%mdl 512]} 21. gxh3 $11 {[%emt 0:00:52]} Nxh3+ $2 {[%emt 0:00:08]} (21... Qxh3 $11 22. Nge3 Rxa7) 22. Kf1 $16 {[%emt 0:01:11]} Bxf5 {[%emt 0:02:40]} 23. exf5 {[%emt 0:00:04]} Ng5 {[%emt 0:00:50] [#]} 24. Be3 $2 {[%emt 0:06:05]} (24. Rxe5 Qh3+ 25. Ke1 Nf3+ 26. Ke2 Nxe5 27. Nxe5 Rxa7 $15) ({White should play} 24. Re3 $1 $16 Red8 25. Qe1 Qxg4 26. Bb6) 24... Rad8 $2 {[%emt 0:00:49][%mdl 8192] [#] Black cannot hold the game after this.} (24... Qh1+ $15 {stays ahead.} 25. Ke2 Qf3+ 26. Kd2 Rad8+ 27. Kc1 Rxd1+ 28. Bxd1 Qxf5) 25. Bxg5 $1 $18 {[%emt 0:00:17]} Qh3+ {[%emt 0:00:01]} 26. Kg1 {[%emt 0:00:16]} Rxd1 {[%emt 0:00:25]} 27. Bxd1 {[%emt 0:00:23] Dancing on a razor blade.} hxg5 {[%emt 0:00:33]} 28. Re3 {[%emt 0:00:11]} (28. Rxe5 Rxe5 29. Nxe5 Qxf5 $11) 28... Qh7 {[%emt 0:01:05] [#]} 29. Bc2 {[%emt 0:00:52][%cal Bd1c2,Bc2e4,Be4f3][%mdl 32]} ({Not} 29. Nxe5 Qxf5 30. Bg4 Qf4 $14) ({Worse is} 29. Rxe5 Rxe5 30. Nxe5 Qxf5 $11) 29... e4 {[%emt 0:02:27]} 30. Bxe4 {[%emt 0:00:57]} ({Don't play} 30. Rxe4 $6 Rxe4 31. Bxe4 Qh3) 30... Qh4 {[%emt 0:00:29]} 31. Bf3 {[%emt 0:00:18]} Rxe3 {[%emt 0:00:35]} 32. Nxe3 {[%emt 0:00:04]} Qf4 {[%emt 0:00:30]} 33. Bg4 {[%emt 0:01:34]} Qa4 {[%emt 0:00:34]} 34. b3 {[%emt 0:02:36]} Qa3 {[%emt 0:00:02]} 35. Nc4 {[%emt 0:01:01]} Qc5 {[%emt 0:00:01]} 36. Rc1 {[%emt 0:00:13]} b5 {[%emt 0:01:11]} (36... g6 $142) 37. Ne3 {[%emt 0:00:06]} Qe5 {[%emt 0:00:28]} 38. c4 {[%emt 0:01:17][%cal Bc3c4,Bc4c5][%mdl 32]} b4 {[%emt 0:00:21]} 39. Rc2 {[%emt 0:00:32]} Kf8 {[%emt 0:00:56]} 40. Re2 {[%emt 0:00:00]} Qf4 {[%emt 0:00:00]} 41. Kg2 {[%emt 0:02:45]} Qd6 {[%emt 0:03:44]} 42. Rc2 {[%emt 0:08:15]} Ke7 {[%emt 0:03:58]} 43. c5 {[%emt 0:03:08]} Qf6 {[%emt 0:11:30]} 44. Bf3 {[%emt 0:03:46]} a5 {[%emt 0:05:52]} 45. Rd2 {[%emt 0:06:10] aiming for Rd6.} Qc3 {[%emt 0:02:02]} (45... g4 $142 46. Bxg4 Qe5) 46. Rd6 {[%emt 0:02:00][%cal Of5f6] Hoping for f6+!} Qxc5 {[%emt 0:00:20]} 47. Rxc6 {[%emt 0:00:10]} Qe5 {[%emt 0:01:33] [#]} 48. Rc7+ $3 {[%emt 0:02:45][%mdl 512]} Kf8 {[%emt 0:01:28]} 49. Rc8+ {[%emt 0:01:43]} Ke7 {[%emt 0:00:01]} 50. Ra8 {[%emt 0:00:15]} Qc5 {[%emt 0:00:46]} 51. Rb8 {[%emt 0:01:39]} Kf6 {[%emt 0:01:37]} 52. Re8 {[%emt 0:02:26] Black must now prevent Nd5+.} Qd4 {[%emt 0:02:01]} 53. Ra8 {[%emt 0:01:27]} Qc5 {[%emt 0:01:09]} 54. Ra6+ {[%emt 0:00:15]} Ke7 {[%emt 0:00:13]} 55. Bd5 {[%emt 0:00:51]} Kf8 {[%emt 0:01:29]} 56. Ra8+ {[%emt 0:01:17]} Ke7 {[%emt 0:00:00]} 57. Rb8 {[%emt 0:00:15]} Qd4 {[%emt 0:01:12]} 58. Rb7+ {[%emt 0:01:06]} Kd6 {[%emt 0:00:02]} 59. Rxf7 {[%emt 0:00:39] Strongly threatening Nc4+.} Qa1 {[%emt 0:00:00]} 60. Ra7 {[%emt 0:00:17] And now Bf3 would win.} Qxa2 {[%emt 0:00:50] [#]} 61. Rxa5 $3 {[%emt 0:00:34][%mdl 512]} Qe2 {[%emt 0:01:11]} (61... Qb1 62. Ra7) 62. Ra7 {[%emt 0:00:11]} Ke5 {[%emt 0:00:35]} 63. Rxg7 {[%emt 0:00:20] White threatens Re7+ and mate.} Qh5 {[%emt 0:00:27]} 64. Re7+ {[%emt 0:00:16]} Kf6 {[%emt 0:00:30]} 65. Re6+ {[%emt 0:00:10]} Kg7 {[%emt 0:00:04]} 66. f6+ {[%emt 0:00:23]} Kf8 {[%emt 0:00:09]} 67. Ra6 {[%emt 0:00:20] Weighted Error Value: White=0.36/Black=0.51} 1-0